| 000 | 00713nam a2200169 a 4500 | ||
|---|---|---|---|
| 008 | 140617s2005 ||||||||||||||||| || u | ||
| 050 | _aIBRD-IFC(058)AR/2005 | ||
| 110 | _aInternational Finance Corporation (IFC) | ||
| 245 | 1 | 0 | _aInternational Finance Corporation 2005 annual report: Investing in progress with experience, innovation and partnership |
| 260 |
_aWashington, D. C. _bWorld Bank _c2005 |
||
| 300 | _a80p. : ill. | ||
| 490 | _aIFC | ||
| 650 | 0 | _aFINANCE--DEVELOPING COUNTRIES | |
| 650 | _aINTERNATIONAL FINANCE CORPORATION | ||
| 710 | _aWorld Bank | ||
| 995 |
_FCBU-MAIN LIBRARY (Kitwe) _M1 _UAVAILABLE _WJun 17, 2014 _ZInternational Publications |
||
| 999 |
_c47374 _d47374 |
||